00641nam a2200181 i 450000100060000000300090000600500170001500700030003200800410003510000290007624500900010526000430019530000220023870000280026085200320028899900170032095201220033792824ES-MaACL20230906181052.0t|050328s1972 sp ||||1| spa d1 aLiungman, Carl G.97258913aEl mito de la inteligencia... / cCarl G. Liungman; [traducción de Deerie Persson]. aBarcelona : bMartínez Roca, c1972. a223 p. ; c20 cm.1 aPersson, Deerie.991404 aES-MaACLjC-43542 bR.82535 c92824d92824 00104070aATENEOMbATENEOMcDEPO2d2008-01-17eSCl0oC-43542p1096903r2023-02-23 00:00:00w2023-02-23yMONOGRAFIA